LEADER 01238nam a2200301 u 4500 001 000000065983 003 CaOOAMICUS 005 20070226121526.0 008 011219s1988 fr u000 u fre u 020 $a2204027995 035 $a10914751 040 $aPUL$bita 041 1 $afre$hger 100 1 $aMoltmann, Jürgen,$d1926-2024.$0(OLS)http://pul/name/12676 245 10$aDieu dans la création :$btraité écologique de la création /$cJürgen Moltmann ; traduit de l'allemand par Morand Kleiber. 260 $aParis :$bCerf,$c1988. 300 $a419 p. ;$c25 cm 490 1 $aCogitatio fidei ;$v146 500 $aContiene indice delle materie. 504 $aBibliografia in nota. 650 4$aCreazione.$0(OLS)http://pul/subject/1621 830 0$aCogitatio fidei ;$v146.$0(OLS)http://pul/title/876 850 $aPUL 852 $aPUL$W1$xSL Religione 2$y84$mTheol A13 146$j123368$qStampati Altre Collocazioni$B85339$CPULBib$Z2$F85339 $H86316 $82 941 1 $a10 996 $6020$a2204027995$9(OLS)http://pul/number/85574 996 $6245$aDieu dans la création :$btraité écologique de la création$9(OLS)http://pul/title/87675 996 $6260$aParis :$bCerf$9(OLS)http://pul/publisher/48238 LEADER 01494namaa2200349 i 4500 001 000000177983 003 CaOOAMICUS 005 20250804145723.0 007 tu 008 250804s2008 ilu 000 u eng r 020 $a978-0-8308-3451-8* 040 $aPUL$bita$erda 082 0 $a234.5 100 1 $aKatongole, Emmanuel,$d1960-,$eautore.$0(OLS)http://pul/name/114512 245 00$aReconciling all things :$ba Christian vision for justice, peace and healing /$cEmmanuel Katongole & Chris Rice. 264 4$c©2008. 264 1$aDowners Grove, Illinois :$bIVP Books,$c[2008] 300 $a165 pagine ;$c21 cm 336 $atesto$btxt$2rdacontent 337 $asenza mediazione$bn$2rdamedia 338 $avolume$bnc$2rdacarrier 650 4$aPace$xAspetti religiosi.$0(OLS)http://pul/subject/35532 700 1 $aRice, Chris,$d1960-,$eautore.$0(OLS)http://pul/name/114513 850 $aPUL 852 $aPUL$W1$xSL Religione 3$y85$m234. 5 KATEM 1$j201923$qDDC 21$B206971$CPULBib$Z2$F206971 $H138031 $82 941 1 $a9 996 $6020$a978-0-8308-3451-8*$9(OLS)http://pul/number/170559 996 $6082$a234.5$9(OLS)http://pul/classification/2118 996 $6245$aReconciling all things :$ba Christian vision for justice, peace and healing$9(OLS)http://pul/title/219545 996 $6264$aDowners Grove, Illinois :$bIVP Books$9(OLS)http://pul/publisher/87680 996 $6264$a[S.l.] :$b[s.n.]$9(OLS)http://pul/publisher/0